000 00788nam a22002177a 4500
003 BD-DhJNU
005 20250216061523.0
008 250216b |||||||| |||| 00| 0 eng d
040 _aBD-DhJNU
_bENG
_cBD-DhJNU
_dBD-DhJNU
082 _223
_a109
245 _aHistory of philosophy eastern and western /
_cEdited by Sarvepalli Radhakrishnan, Ardeshir Ruttonji Wadia, Dhirendra Mohan Datta and Humayun Kabir
260 _aLondon :
_bGeorge Allen & Unwin LTD,
_c1957.
300 _a617 p. :
_c24 cm.
504 _aincludes bibliographical reference and index
650 _aPhilosophy
700 _aRadhakrishnan, Sarvepalli
_eEditor
700 _aWadia, Ardeshir Ruttonji
_eEditor
700 _aDatta, Dhirendra Mohan
_eEditor
700 _aKabir, Humayun
_eEditor
942 _2ddc
_cBK
_n0
999 _c1333
_d1333